| 000 | 00630cab a2200229 4500 | ||
|---|---|---|---|
| 001 | WB2914-09 | ||
| 008 | 090401t1993 xxu||||| |||| 00| 0 eng d | ||
| 035 | _a(Sirsi) u90046 | ||
| 041 | _aeng | ||
| 245 | _aCathedral grants | ||
| 260 | _c1993 | ||
| 350 | _a0 | ||
| 490 |
_aTimes _v8 April 1993, 5(1) |
||
| 520 | _aLincoln cathedral has received the largest grant out of the £46m allocated to Anglican and Roman Catholic cathedrals for repair work. | ||
| 650 | _aCATHEDRALS | ||
| 650 | _aGRANTS | ||
| 650 | _aREPAIRS | ||
| 690 |
_aRefurbishment _96264 |
||
| 690 | _aCONSERVATION | ||
| 942 | _n0 | ||
| 948 | _c04/03/1997 | ||
| 999 |
_c57024 _d57024 |
||